| 000 | 00323 a2200133 4500 | ||
|---|---|---|---|
| 001 | 92117 | ||
| 082 | _a891.4393 YAH | ||
| 090 |
_c44081 _d44080 |
||
| 100 | _aBaba Muhammad Yahya Khan | ||
| 245 | _aPiya Rang Kala | ||
| 260 |
_aLahore _bSang e Meel Publications _c2013 |
||
| 300 |
_a722p. _bHb |
||
| 500 | _aGeneral Book | ||
| 942 |
_aCAE NUST _k891.4393 YAH |
||
| 999 |
_c327190 _d327190 |
||